00510nam a22001457a 4500020002200000082001500022100002800037245008600065260004600151300000800197650002300205942000700228952011200235999001700347 a978-0-8425-2479-7 a181.07 BUT aButterworth, Charles E. aThe Book of Decisive Treatise: Determining the Connection between law and wisdom aUtah, USAbBrigham Young University Press a135 aIslamic Philosophy cBK 00104070aHMIbHMIcGENd2017-10-23eAmazonl2o181.07 BUTp25362r2018-07-23s2018-07-18w2017-10-23yBK c20673d20673